| 000 | 00566nam a22001817a 4500 | ||
|---|---|---|---|
| 003 | OSt | ||
| 005 | 20260204044610.0 | ||
| 008 | 260204b |||||||| |||| 00| 0 eng d | ||
| 020 | _a978-0-87779-051-8 | ||
| 040 |
_aDWCL-Main Lib _cOC |
||
| 082 | _aGR. 423.1 C789 2006 | ||
| 100 | _aCorbell, Jean - Claude | ||
| 245 | _aMerriam - Webster's visual dictionary | ||
| 260 |
_aSpringfield, Massachusetts : _bMerriam - Webster, Incorporated, _cc2006 |
||
| 300 |
_avii, 952 p. : _bcol. maps ; _c26 cm. |
||
| 650 | _aPicture dictionaries - English | ||
| 942 |
_2ddc _cGR _mGR. _n0 |
||
| 999 |
_c8257 _d8257 |
||